000 01553nam a22003977a 4500
003 CHAP
005 20220329142336.0
008 000818d1999 mx rs o00110 spa d
010 _a82045
011 _a83017
020 _a9701326482
035 _a93525
040 _cCHAP
082 0 4 _a317.2
_bI57 1999 Ags.
110 2 _aInstituto Nacional de Estadística, Geografía e Informática. México
_959304
245 1 0 _aPerspectiva estadística de Aguascalientes
_c/por Instituto Nacional de Estadística, Geografía e Informática
260 _aAguascalientes, Ags. :
_bInstituto Nacional de Estadística, Geografía e Informática,
_c1999.
300 _a107 p. :
_bgráfs. ; cuadros
590 _aBATCH-UPD
_b10
_c20130110
_lUCH01
_h0826
590 _aBATCH-UPD
_b10
_c20130410
_lUCH01
_h0503
590 _aBATCH-UPD
_b10
_c20130914
_lUCH01
_h0340
590 _aBATCH-UPD
_b10
_c20130914
_lUCH01
_h2106
590 _aCONVERSION
_b10
_c20130109
_lUCH01
_h1346
650 1 4 _aAgricultura
_xEstadisticas
_zAguascalientes.
_91444
650 1 4 _aAguascalientes
_xEstadísticas.
_92600
650 1 4 _aAguascalientes
_xHistoria.
_92602
650 1 4 _aBosques
_xEstadísticas
_xAguascalientes.
_914137
650 1 4 _aEmpleo
_xAguascalientes.
_936546
650 1 4 _aGanadería
_xEstadísticas
_zAguascalientes.
_944703
650 1 4 _aPoblación
_zAguascalientes.
_989413
650 1 4 _aVivienda
_xAguascalientes.
_9120117
901 _aBK
905 _aPatricia Mendoza P.
942 _cLIBRO
949 _a317.2 I57 1999 Ags.
_bBC
_cINEGI
_d33724000771556
_eINEGI
_h98101
_i93525
_sb
999 _c82045
_d82045